| 000 | 01515cam a2200373 a 4500 | ||
|---|---|---|---|
| 001 | 14194382 | ||
| 005 | 20061010112108.0 | ||
| 008 | 051209s2006 enk b 001 0 eng | ||
| 010 | _a 2005938439 | ||
| 020 | _a0761970568 | ||
| 020 | _a978-0761970569 | ||
| 020 | _a9780761970552 | ||
| 020 | _a076197055X | ||
| 040 |
_aDLC _cDLC _dDLC |
||
| 050 | 0 | 0 |
_aHM445 _b.M64 2006 |
| 082 | 0 | 0 |
_a301.0922 _222 _bMOR |
| 100 | 1 |
_aMorrison, Ken _q(Kenneth L.) _923822 |
|
| 245 | 1 | 0 |
_aMarx, Durkheim, Weber : _bFormations of Modern Social Thought / _cKen Morrison. |
| 250 | _a2nd ed. | ||
| 260 |
_aLondon ; _aThousand Oaks, Calif. : _bSage, _c2006. |
||
| 300 |
_axiii, 465 p. ; _c24 cm. |
||
| 504 | _aIncludes bibliographical references (p. [448]-457) and index. | ||
| 600 | 1 | 0 |
_aMarx, Karl, _d1818-1883. _923823 |
| 600 | 1 | 0 |
_aWeber, Max, _d1864-1920. _923824 |
| 600 | 1 | 0 |
_aDurkheim, Emile, _d1858-1917. _923825 |
| 650 | 0 |
_aSociology _xHistory. _923826 |
|
| 653 |
_bPol _cMay2011 |
||
| 856 | 4 | 2 |
_3Publisher description _uhttp://www.loc.gov/catdir/enhancements/fy0668/2005938439-d.html |
| 856 | 4 | 1 |
_3Table of contents only _uhttp://www.loc.gov/catdir/enhancements/fy0668/2005938439-t.html |
| 942 |
_2ddc _cBB |
||
| 999 |
_c15281 _d15281 |
||